000
00255nam a2200109Ia 4500
008
220216s9999 xx 000 0 und d
100
_a
Crawford Hunter
245
0
_a
Cattle rearing on estates
260
_b
Planter
_c
1954
300
_a
256-261
942
_c
JS
999
_c
55231
_d
55231